Normal view
MARC view
- Federally Administered Tribal Areas (Pakistan )
Entry Geographic Name
001 - CONTROL NUMBER
- control field: 5461
003 - CONTROL NUMBER IDENTIFIER
- control field: NUST
005 - DATE AND TIME OF LATEST TRANSACTION
- control field: 20171016105124.0
008 - FIXED-LENGTH DATA ELEMENTS
- fixed length control field: 171016|| aca||aabn | a|a d
040 ## - CATALOGING SOURCE
- Original cataloging agency: NUST
- Transcribing agency: NUST
151 ## - HEADING--GEOGRAPHIC NAME
- Geographic name: Federally Administered Tribal Areas (Pakistan )
- General subdivision: History.
670 ## - SOURCE DATA FOUND
- Source citation: Work cat.: (NUST)0: Khan, Teepu Mahabat. 5391, The tribal areas of Pakistan, a contemporary profile /, 2008.
